| 000 | 00497nam a2200145Ia 4500 | ||
|---|---|---|---|
| 008 | 151213s9999 xx 000 0 und d | ||
| 100 | _aনেয়ামত ইমাম। | ||
| 245 |
_aআমার রাষ্ট্র আমার নাগরিক। _cনেয়ামত ইমাম। |
||
| 260 |
_aঢাকা _bআদর্শ। _c2010 |
||
| 300 | _a8438 p. | ||
| 650 | _aBangla | ||
| 650 | _aBengali Literature | ||
| 700 | _aনেয়ামত ইমাম। | ||
| 999 |
_c4276 _d4276 |
||